التسويق الإداري / (رقم التسجيلة. 23901)
[ عرض عادي ]
| 000 -الفاتح | |
|---|---|
| حقل البيانات ثابتة الطول | 00655nam a22002057a 4500 |
| 003 - محدد رقم الضبط | |
| رقم الضبط | OSt |
| 005 - وقت وتاريخ اخر تعامل مع التسجيلة | |
| رقم الضبط | 20150408114042.0 |
| 008 - عناصر البيانات ثابتة الطول - معلومات عامة | |
| حقل البيانات ثابتة الطول | 120531s2009 ua a g b 00| 0 ara d |
| 020 ## - الرقم الدولى المعيارى للكتب | |
| الرقم الدولى المعيارى للكتاب | 9789772765845 |
| 040 ## - مصدر الفهرسة | |
| وكالة النسخ | MU |
| 082 04 - رقم تصنيف ديوى العشرى | |
| رقم الطبعة | 21 |
| رقم التصنيف | 658.8 |
| رقم المادة | ص م ت |
| 100 1# - المدخل الرئيسى - إسم شخصى | |
| الإسم الشخصى | الصيرفي، محمد. |
| 9 (RLIN) | 15395 |
| 245 12 - بيان العنوان | |
| العنوان | التسويق الإداري / |
| بيان المسئوليه,etc | محمد الصيرفي. |
| 250 ## - بيان الطبعة | |
| بيان الطبعة | ط. 1. |
| 260 ## - PUBLICATION, DISTRIBUTION, ETC. (IMPRINT) | |
| مكان الناشر او الموزع | القاهرة : |
| اسم الناشر او الموزع | المكتب العربي للمعارف، |
| تاريخ النشر أو التوزيع | 2009 |
| 300 ## - الوصف المادى | |
| التعداد | 339 ص. : |
| تفاصيل ماديه اخرى للوعاء | أشكال، جداول ؛ |
| أبعاد الوعاء | 24 سم. |
| 504 ## - تبصرة ببليوجرافية | |
| تبصرة ببليوجرافية,الخ | ببليوجرافية : ص. 331-339. |
| 650 #4 - المدخل الاضافى بالموضوع-مصطلح موضوعى | |
| مصطلح موضوعي أو اسم جغرافي كعنصر مدخل | إدارة التسويق. |
| 942 ## - عناصر المدخل الإضافي( كوها) | |
| مصدر التصنيف او مخطط الترفيف | Dewey Decimal Classification |
| Koha [default] item type | DVD |
| حالة الفقد | نموذج السعر الفعال | حالة تلف | ليس للاعارة | رقم الطلب | رقم النسخة | تاريخ الاكتساب | الموقع الحالي | الباركود | الفرع الرئيسي | Date last seen | نوع المادة فى نظام كوها | مصدر التصنيف او خطة الترفيف | Total Checkouts | Total Renewals | Date last checked out |
|---|---|---|---|---|---|---|---|---|---|---|---|---|---|---|---|
| 2013-03-10 | 658.8 ص م ت | ن 1 | 2012-05-31 | المكتبة المركزية بالمجمعة (CL) | 00110279 | المكتبة المركزية بالمجمعة (CL) | 2013-03-10 | كتاب | Dewey Decimal Classification | ||||||
| 2013-03-10 | 658.8 ص م ت | ن 2 | 2012-05-31 | المكتبة المركزية بالمجمعة (CL) | 00110280 | المكتبة المركزية بالمجمعة (CL) | 2025-04-20 | كتاب | Dewey Decimal Classification | 1 | 1 | 2025-01-29 | |||
| 2013-03-10 | 658.8 ص م ت | ن 3 | 2012-05-31 | المكتبة المركزية بالمجمعة (CL) | 00110281 | المكتبة المركزية بالمجمعة (CL) | 2013-03-10 | كتاب | Dewey Decimal Classification | ||||||
| 2013-03-10 | 658.8 ص م ت | ن 1 | 2012-05-31 | قسم الاجراءات الفنية (IC) | 00110282 | قسم الاجراءات الفنية (IC) | 2017-12-05 | كتاب | Dewey Decimal Classification | 1 | 2017-12-05 | ||||
| 2013-03-10 | 658.8 ص م ت | ن 2 | 2012-05-31 | قسم الاجراءات الفنية (IC) | 00110283 | قسم الاجراءات الفنية (IC) | 2017-12-06 | كتاب | Dewey Decimal Classification | 1 | 2017-12-04 | ||||
| 2013-03-10 | 658.8 ص م ت | ن 1 | 2012-05-31 | مكتبة كلية العلوم و الدراسات الإنسانية برماح - طالبات (SRF) | 00110286 | مكتبة كلية العلوم و الدراسات الإنسانية برماح - طالبات (SRF) | 2013-03-10 | كتاب | Dewey Decimal Classification | ||||||
| 2013-03-10 | 658.8 ص م ت | ن 2 | 2012-05-31 | مكتبة كلية العلوم و الدراسات الإنسانية برماح - طالبات (SRF) | 00110287 | مكتبة كلية العلوم و الدراسات الإنسانية برماح - طالبات (SRF) | 2013-03-10 | كتاب | Dewey Decimal Classification | ||||||
| 2013-03-10 | 658.8 ص م ت | ن 1 | 2012-05-31 | مكتبة كلية العلوم و الدراسات الإنسانية برماح - طلاب (SRM) | 00110284 | مكتبة كلية العلوم و الدراسات الإنسانية برماح - طلاب (SRM) | 2013-03-10 | كتاب | Dewey Decimal Classification | ||||||
| 2013-03-10 | 658.8 ص م ت | ن 2 | 2012-05-31 | مكتبة كلية العلوم و الدراسات الإنسانية برماح - طلاب (SRM) | 00110285 | مكتبة كلية العلوم و الدراسات الإنسانية برماح - طلاب (SRM) | 2013-03-10 | كتاب | Dewey Decimal Classification |
